| 000 | 01963nam a22003257a 4500 | ||
|---|---|---|---|
| 999 |
_c21738 _d21738 |
||
| 003 | AR-CdUCM | ||
| 008 | 190425b ||||| |||| 00| 0 spa d | ||
| 040 |
_aMUNICIPALIDAD PROVINCIAL DEL CUSCO _cBIBLIOTECA MUNICIPAL DEL CUSCO |
||
| 082 |
_aRev.Univ/N°82/1942 _bRev.Univ/N°82/1942 |
||
| 110 |
_aUniversidad Nacional de San Antonio Abad del Cusco _915942 |
||
| 245 |
_aRevista Universitaria : _bÓrgano de la Universidad del Cuzco / |
||
| 260 |
_aCusco : _bH. G. Rozas, _c1942. |
||
| 300 |
_a340 páginas. : _c20 cm. |
||
| 440 |
_aRevista Universitaria _nAño XXXI, 1° semestre 1942, N°82 _945923 |
||
| 505 | _aContenido: Tupac Amaru afirmación de peruanidad. Julián Santisteban Ochoa. -- Pasado y presente de la literatura peruana apuntes para una historia integral. Alfredo Yépez Miranda. -- Scirpus Totora Kunth y Scirpus Californ Icus. César Vargas. -- Breve reseña de los caracteres del derecho romano pre Justiniano. David Mejía S. -- Nueva estructuración agraria de las comunidades indígenas. Jorge Gabino Breña. -- Exploraciones botánicas realizadas en alto Amazonas. Fortunato L. Herrera. -- Estilos arquitectónicos incaicos. Jorge Cornejo Bouroncle. -- Canjes relación de libros recibidos durante el año 1941. -- Personal directivo, docentes y administrativos de la Universidad 1942. -- Patronato de Arqueología ordenanzas. -- Crónica universitaria. | ||
| 650 |
_aLiteratura peruana _945922 |
||
| 650 |
_aTúpac Amaru _9623 |
||
| 650 |
_aBotánica _92790 |
||
| 650 |
_aComunidades indígenas _93290 |
||
| 650 |
_aArquitectura Inka _945226 |
||
| 650 |
_aPatronato de Arqueología _945924 |
||
| 700 |
_aYépez Miranda, Alfredo _94230 |
||
| 700 |
_aCosío, José Gabriel _911720 |
||
| 700 |
_aCornejo Bouroncle, Jorge _915278 |
||
| 700 |
_aSantisteban Ochoa, Julián _929993 |
||
| 700 |
_aHerrera, Fortunato L _931237 |
||
| 710 |
_aUniversidad Nacional de San Antonio Abad del Cusco _915942 |
||
| 942 |
_2ddc _cPP |
||
| 945 | _arac | ||